📖 150 premiers mots "Le métier d'homme" A. Jollien N°3 Chapitre 1 - Statistiques

Statistiques générales
  • Ce quiz a Ă©tĂ© pris 19 fois
  • Le rĂ©sultat moyen est 69 sur 150
Statistiques - réponses
Mots % Correct
A
100%
Ă 
100%
et
92%
m'
92%
n'
92%
s'
92%
c'
85%
d'
85%
est
85%
Il
85%
L'
85%
l'
85%
le
85%
ma
85%
la
77%
La
77%
les
77%
me
77%
ne
77%
se
77%
tout
77%
Un
77%
une
77%
de
69%
des
69%
Plus
69%
qu'
69%
que
69%
au
62%
ces
62%
J'
62%
je
62%
pour
62%
jamais
54%
mes
54%
rien
54%
Rien
54%
petit
46%
sais
46%
sais.
46%
ses
46%
toujours
46%
elles
38%
fois
38%
fois,
38%
peut
38%
trop.
38%
trop
38%
celles
31%
garçon
31%
nuit
31%
Puis
31%
Chaque
23%
dernières
23%
deux
23%
famille.
23%
parents.
23%
près
23%
fenĂŞtre
15%
hors
15%
minutes
15%
tombe.
15%
ultime
15%
ailleurs
8%
angle
8%
arrachent
8%
arrĂŞte
8%
autobus
8%
brise,
8%
bus
8%
cendriers
8%
choisis
8%
consacrer
8%
couloir
8%
Déjà
8%
départ,
8%
donnerait
8%
ébranler.
8%
électriques
8%
embrasse
8%
emplir
8%
esprit
8%
étroit,
8%
existe
8%
existence
8%
fixe
8%
happent.
8%
images,
8%
lutte,
8%
moquette
8%
nauséabonds.
8%
odeur
8%
opposer
8%
place
8%
portes
8%
procède
8%
profile.
8%
rassurante
8%
rĂŞche
8%
rue,
8%
sèche,
8%
sièges,
8%
songe
8%
tarde
8%
véhicule ...
8%
visages.
8%
Vite,
8%
vite !
8%
vitre
8%
Aucun quiz correspondant
Distribution des résultats
% des personnes avec chaque résultat
Percentile par nombre de réponses
Votre historique - résultats
Vous n’avez pas pris ce quiz